000 00775cai a22002055a 4500
001 L155748
008 120413u2012 xxk f 000 0 eng d
035 _a(Sirsi) u155748
041 0 _aeng
110 2 _aInternational Federation of Consulting Engineers
_bFIDIC
240 _aFIDIC
245 0 0 _aInternational Federation of Consulting Engineers
_bFIDIC
_h[electronic resource]
260 _aGeneva
_bFIDIC
_c[2012?]
520 _aWebsite for FIDIC, the International Federation of Consulting Engineers. FIDIC specialises in international construction contracts; resources, events, training.
590 _aKA
651 4 _aInternational
690 _aContracts
_96232
856 4 0 _uhttps://www.fidic.org/
_zView the website free of charge at www.fidic.org
942 _n0
999 _c120968
_d120968